000 00463nam a2200133Ia 4500
008 100328s9999 xx 000 0 und d
082 _b59662
100 _aहिर्लेकर गणेश.
245 _aदेव्हारा असे दानवाचा.
260 _bसाईमा.
630 _aदेव्हारा असे दानवाचा.
730 _aदेव्हारा असे दानवाचा.
942 _cBOOK
999 _c545867
_d545864